News Letter (Record no. 119374)

MARC details
000 -LEADER
fixed length control field 00535cas a22001935a 4500
001 - CONTROL NUMBER
control field L156606
008 - FIXED-LENGTH DATA ELEMENTS--GENERAL INFORMATION
fixed length control field 120612s1943 xxku eng u
035 ## - SYSTEM CONTROL NUMBER
System control number (Sirsi) u156606
041 0# - LANGUAGE CODE
Language code of text/sound track or separate title eng
110 2# - MAIN ENTRY--CORPORATE NAME
Corporate name or jurisdiction name as entry element National Association of Auctioneers, House Agents, Rating Surveyors and Valuers
9 (RLIN) 4989
245 00 - TITLE STATEMENT
Title News Letter
260 ## - PUBLICATION, DISTRIBUTION, ETC.
Place of publication, distribution, etc. Leeds
Name of publisher, distributor, etc. NAA
Date of publication, distribution, etc. 1943
362 0# - DATES OF PUBLICATION AND/OR SEQUENTIAL DESIGNATION
Dates of publication and/or sequential designation April 1943
520 ## - SUMMARY, ETC.
Summary, etc. Library holds one issue only.
554 ## -
-- Not known
651 #4 - SUBJECT ADDED ENTRY--GEOGRAPHIC NAME
Geographic name Great Britain
Chronological subdivision 1707-
690 ## - LOCAL SUBJECT ADDED ENTRY--TOPICAL TERM (OCLC, RLIN)
Topical term or geographic name as entry element Auctioneering
9 (RLIN) 6218
942 ## - ADDED ENTRY ELEMENTS (KOHA)
Suppress in OPAC 0
Holdings
Withdrawn status Lost status Source of classification or shelving scheme Damaged status Not for loan Home library Current library Shelving location Date acquired Total Checkouts Full call number Barcode Date last seen Copy number Price effective from Koha item type
    Dewey Decimal Classification     Historic collection Historic collection RICS Boxes 12/06/2012   RICS 1943/1 30077566 06/08/2019 1 06/08/2019 Archive